Statistics for Florida Panthers Starting Lineup 2019-2020 Season

Click here to take the quiz!

General Stats

  • This quiz has been taken 12 times
  • The average score is 11 of 22

Answer Stats

Position # Player Age Nationality % Correct
D5Aaron Ekblad23Canada
100%
C16Aleksander Barkov24Finland
91%
G72Sergei Bobrovsky31Russia
82%
LW11Jonathan Huberdeau26Canada
73%
C21Vincent Trocheck26USA
73%
RW63Evgenii Dadonov30Russia
64%
LW68Mike Hoffman29Canada
64%
D3Keith Yandle33USA
64%
D52MacKenzie Weegar25Canada
55%
C95Henrik Borgstrom22Finland
55%
D2Joshua Brown25Canada
55%
D6Anton Stralman33Sweden
45%
D19Mike Matheson25Canada
45%
G33Sam Montembeault22Canada
36%
RW62Denis Malgin22Switzerland
36%
LW77Frank Vatrano25USA
27%
LW8Jayce Hawryluk23Canada
18%
RW7Colton Sceviour30Canada
18%
C55Noel Acciari27USA
18%
RW10Brett Connolly27Canada
18%
D13Mark Pysyk27Canada
18%
LW73Dryden Hunt23Canada
18%

Score Distribution

Percentile by Number Answered

Percent of People with Each Score

Your Score History

You have not taken this quiz